000 00282nam a2200121 i 4500
001 bg
245 0 _aPodstawy metrologii elektrycznej i elektronicznej.
260 _aWarszawa,
_c1980.
040 _cBPK
041 _apol
942 _cKS
008 s pl f |000 0 pol
999 _c19178
_d19178
856 _uhttp://koha.tu.koszalin.pl/cgi-bin/koha/opac-detail.pl?biblionumber=19178
_yKatalog online BPK